| 000 | 00350 a2200109 4500 | ||
|---|---|---|---|
| 001 | ART_11547 | ||
| 005 | 20260410161858.0 | ||
| 008 | 260409a | ||
| 245 | 1 | 0 | _aThe welfare costs of nonoptimal airport utilization |
| 100 | 1 | _aLikens, James D. | |
| 773 | 0 |
_tJournal of public economics _g- Vol. 5, NÂș 1/2 (ene./feb. 1976) _wREV11485 |
|
| 999 |
_c25628 _d25628 |
||